| 000 | 00817nas a2200277 4500 | ||
|---|---|---|---|
| 001 | BR7500418 | ||
| 003 | BR-BrBNA | ||
| 005 | 20231205082800.0 | ||
| 007 | ta | ||
| 008 | 230509b bl.|||p| |||| 00| 00por d | ||
| 040 |
_aBR-BrBNA _bpor _cBiblioteca Nacional de Agricultura |
||
| 041 | _a(Pt) | ||
| 072 | _aH20 | ||
| 100 | 1 | _aMoraes, S.A. | |
| 100 | 1 | _aSugimori, M.H. | |
| 100 | 1 | _aTomazello Filho, M. | |
| 100 | 1 | _aCarvalho, P. de C.T. de | |
| 245 | 1 | _aResistencia de cafeeiros a Pseudomonas garcae [Mancha aureolada, cafe] | |
| 650 | _aDOENCA DE PLANTA | ||
| 650 | _aCAFE | ||
| 650 | _aMANCHA AUREOLADA | ||
| 650 | _aBACTERIA | ||
| 773 | 0 |
_tSumma Phytopathologica (Brazil) _xISSN 0100-5405 _g(May 1975), v. 1(2) p. 105-110 _wBR7500418 |
|
| 909 |
_a202311 _bLúcia _c55 _dLúcia Elande |
||
| 942 |
_2AGRIS _n0 _cANA |
||
| 999 |
_c94178 _d94178 |
||